000 00710cam a2200253 a 4500
999 _c1729
_d1729
001 .b18542499
003 OSt
005 20230120155345.0
008 200513s2018 enka j 000 1 eng d
020 _a9781405289559
_q(pbk.) :
040 _aCY
_c.
_dKH8
042 _anbic
082 _a823.912 BLY
100 1 _aBlyton, Enid.
_eauthor
245 1 0 _aMore wishing-chair stories /
_cEnid Blyton.
260 _aLondon :
_bEgmont,
_c2018.
300 _a125 p. :
_bill. ;
_c20 cm.
650 0 _aMagic
_vJuvenile fiction.
650 0 _aPixies
_vJuvenile fiction.
650 0 _aFairies
_vJuvenile fiction.
650 0 _aWishes
_vJuvenile fiction.
650 0 _aSanta Claus
_vJuvenile fiction.
942 _2ddc
_cNFIC